Premier League's Oldest Goalscorers - Statistics

General Stats
  • This quiz has been taken 993 times
    581 since last reset
  • The average score is 5 of 21
Answer Stats
Age Player Scored For % Correct
38 Ryan Giggs Manchester United
69%
40 Teddy Sheringham West Ham United
57%
37 Paul Scholes Manchester United
53%
37 Cristiano Ronaldo Manchester United
48%
37 Peter Crouch Stoke City
43%
37 Didier Drogba Chelsea
37%
37 Thiago Silva Chelsea
25%
39 Dean Windass Hull City
24%
37 Les Ferdinand Bolton Wanderers
22%
37 Kevin Phillips Birmingham City
15%
38 Mark Hughes Blackburn Rovers
14%
37 Gary Speed Bolton Wanderers
10%
38 Tugay Kerimoglu Blackburn Rovers
9%
38 Graham Alexander Burnley
6%
38 Stuart Pearce West Ham United
6%
37 Gareth McAuley West Bromwich Albion
5%
37 John Wark Ipswich Town
5%
37 Peter Schmeichel Aston Villa
5%
38 Mick Harford Wimbledon
3%
37 Richard Gough Everton
3%
37 Kevin Moran Blackburn Rovers
1%
No matching quizzes found
Score Distribution
Percent of People with Each Score
Percentile by Number Answered
Your Score History
You have not taken this quiz since the last reset